Quels animaux sont mis en avant dans cette oeuvre? - Statistiques

Statistiques générales
  • Ce quiz a été pris 141 fois
  • Le résultat moyen est 24 sur 32
Statistiques - réponses
Oeuvre Animaux mis en avant % Correct
(Les) 101 Dalmatiens Chiens
100%
(Les) Aristochats Chats
98%
(La) Belle et le Clochard Chiens
96%
Angry Birds Oiseaux
96%
Frère des ours Ours
95%
Donald/Picsou Canards
94%
(Le) Royaume des chats Chats
94%
Peppa Pig Cochons
94%
(Les) Lapins Crétins Lapins
94%
(Le) Monde de Nemo Poissons
94%
My Little Poney Poneys
94%
(La) Planète des Singes Singes
94%
Jurassic Park Dinosaures
93%
Babar Eléphants
93%
Franklin Tortues
91%
Horseland Chevaux
83%
Rio Oiseaux
78%
(La) ferme se rebelle Vaches
76%
1001 Pattes Insectes
75%
Caliméro Poussins
70%
Kango Juniors Kangourous
69%
(La) Marche de l'Empereur Manchots
69%
Happy Feet Manchots
65%
Pingu Manchots
64%
(Les) Rois de la Glisse Manchots
61%
Comme des bêtes Chiens
57%
Hamtaro Hamsters
53%
Petit Pied Dinosaures
50%
(La) Guerre des Clans Chats
41%
Deux frères Tigres
41%
(Les) Gardiens de Ga'Hoole Chouettes et hiboux
23%
Fievel Souris
23%
Aucun quiz correspondant
Distribution des résultats
% des personnes avec chaque résultat
Percentile par nombre de réponses
Votre historique - résultats
Vous n’avez pas pris ce quiz